00937cam a22002411 4500001001300000003000400013005001700017008004100034010001700075035001900092040002500111042001200136050002200148100003600170245011500206260004300321300005300364490007600417500008600493504003600579650002700615700005300642agr15000004 DLC20260227110937.0790129s1914 xx 000 0 eng  aagr15000004  a(OCoLC)4595045 aDLCcOCldOCoLCdDLC apremarc00aQC983b.A21 no. 11 aBowie, Edward Hall,d1874-1943.00aTypes of storms of the United States and their average movements,cby Edward H. Bowie and R. Hanson Weightman. aWashington,bGovt. print. off.,c1914. a37 p. incl. tables.b114 charts on 57 l.c31 cm.0 aUnited States Weather bureau. Monthly weather review. Supplementvno. 1 aAt head of title: W. B. no. 538 ... U.S. Dept. of agriculture. Weather bureau ... a"Selected bibliography": p. 13. 0aStormszUnited States.1 aWeightman, Richard Hanson,d1882-ejoint author.